| 000 | 00607nam a2200193 a 4500 | ||
|---|---|---|---|
| 005 | 20240920064400.0 | ||
| 008 | 991125s1971 fr 000 0 fre u | ||
| 035 | _aUPN01000024626 | ||
| 049 | _aF | ||
| 050 | 4 |
_aLB5 _bB7 |
|
| 100 | 1 |
_aLabani, Christopher M., _d1948- |
|
| 245 | 1 | 0 |
_aFinalites de l'education / _cChristopher M. Labani. |
| 260 |
_a[París] : _bUNESCO, _c1971. |
||
| 300 | _a9 p. | ||
| 440 | 0 |
_aSerie B. _pOpinions ; _v7 |
|
| 520 | _aA la cabeza de la portada: Commission Internationale sur le Developpement de l'Education | ||
| 650 | 4 |
_aEducación _xFines y objetivos _94837 |
|
| 905 | _aLibro | ||
| 999 |
_c24626 _d24626 |
||